000 004240000a22001690004500
003 MACL
005 20160105170237.0
008 160105b xxu||||| |||| 00| 0 eng d
040 _aMACL
_cMACL
041 _aEnglish
082 _a824/HUT
100 _aBagehot, Walter
_925962
245 _aLiterary Studies
_bvol 1
260 _bLongman's Green And Co
_c1898
_aBombay
650 _aEssays
_928304
942 _cBK
_k824/BAG
_2ddc
999 _c36974
_d36974